Statistics for Bone Wars Dinosaurs

Click here to take the quiz!

General Stats

  • This quiz has been taken 14 times
  • The average score is 10 of 43

Answer Stats

Answer% Correct
Brontosaurus
75%
Stegosaurus
75%
Triceratops
75%
Apatosaurus
63%
Diplodocus
63%
Allosaurus
50%
Camarasaurus
50%
Ceratosaurus
50%
Nanosaurus
50%
Dryosaurus
38%
Sterrholophus
38%
Camptosaurus
25%
Claorhynchus
25%
Labrosaurus
25%
Ammosaurus
13%
Amphicoelias
13%
Apatodon
13%
Barosaurus
13%
Ceratops
13%
Claosaurus
13%
Coelophysis
13%
Creosaurus
13%
Diracodon
13%
Dystrophaeus
13%
Epanterias
13%
Hypsirophus
13%
Laosaurus
13%
Morosaurus
13%
Nodosaurus
13%
Ornithomimus
13%
Pleurocoelus
13%
Priconodon
13%
Tichosteus
13%
Torosaurus
13%
Anchisaurus
0%
Atlantosaurus
0%
Brachyrophus
0%
Caulodon
0%
Coelurus
0%
Manospondylus
0%
Pteropleyx
0%
Symphyrophus
0%
Tripriodon
0%

Score Distribution

Percentile by Number Answered

Percent of People with Each Score

Your Score History

You have not taken this quiz